01393 2200217 4500245011300000020002200113250001100135100002200146700003200168100002100200650002900221650002200250650001900272005001900291260005700310041001400367084001100381300002800392500074600420336000901166 aBuku Panduan Guru Pendidikan Agama Katolik dan Budi Pekerti untuk SMA/SMK Kelas XIIcDaniel Boli KotanhText a978-602-244-425-1 aCet. 1 aDaniel Boli Kotan aFransiskus Emanuel da Santo aPormadi Simbolon aPendidikan Agama Katalik aKurikulum Merdeka aBuku Pelajaran a20240920072522 aJakartabKementerian Pendidikan dan Kebudayaanc2022 aIndonesia a230.01 axii, 252 hlm. :c25 cm. aDalam konteks pendidikan iman Gereja Katolik, Kurikulum dan Bahan ajarPendidikan Agama Katolik dan Budi Pekerti, berusaha menegaskan kembalipendekatan kateketis sebagai salah satu pendekatan yang dianggap cukup relevandalam proses pembinaan iman. Melalui pendekatan tersebut, peserta didik diajakuntuk mampu merefleksikan pengalaman hidupnya sehari-hari dalam terang imanakan Yesus Kristus sebagaimana tertuang dalam Kitab Suci, Tradisi maupunMagisterium, sehingga mampu menemukan keprihatinan serta kehendak Allah,dengan demikian mereka bertobat dan mewujudkan sikap tobatnya itu dalamtindakan nyata untuk membangun hidup pribadi dan bersama makin sesuaidengan kehendak Allah. Tentu saja pendekatan lain masih sangat terbuka untukdigunakan. atext